Study on stock market volatility of indian multinational corporations / (Record no. 231656)
[ view plain ]
| 000 -LEADER | |
|---|---|
| fixed length control field | 00655nam a22001937a 4500 |
| 003 - CONTROL NUMBER IDENTIFIER | |
| control field | OSt |
| 005 - DATE AND TIME OF LATEST TRANSACTION | |
| control field | 20240830115830.0 |
| 008 - FIXED-LENGTH DATA ELEMENTS--GENERAL INFORMATION | |
| fixed length control field | 240830b ||||| |||| 00| 0 eng d |
| 040 ## - CATALOGING SOURCE | |
| Transcribing agency | AIMIT LIBRARY |
| 100 ## - MAIN ENTRY--PERSONAL NAME | |
| Personal name | K B Eljo. |
| Relator term | 2216056 |
| 9 (RLIN) | 178247 |
| 245 ## - TITLE STATEMENT | |
| Title | Study on stock market volatility of indian multinational corporations / |
| Statement of responsibility, etc. | By Eljo K B ; Guided by Gowthami. |
| 260 ## - PUBLICATION, DISTRIBUTION, ETC. | |
| Place of publication, distribution, etc. | Mangalore ; |
| Date of publication, distribution, etc. | 2024. |
| 650 ## - SUBJECT ADDED ENTRY--TOPICAL TERM | |
| Topical term or geographic name entry element | Literature review |
| 9 (RLIN) | 178248 |
| 650 ## - SUBJECT ADDED ENTRY--TOPICAL TERM | |
| Topical term or geographic name entry element | Reearch methodology |
| 9 (RLIN) | 178249 |
| 650 ## - SUBJECT ADDED ENTRY--TOPICAL TERM | |
| Topical term or geographic name entry element | Data analysis and interpretation |
| 9 (RLIN) | 178250 |
| 700 ## - ADDED ENTRY--PERSONAL NAME | |
| Personal name | Gowthami. |
| Relator term | Guide |
| 9 (RLIN) | 178251 |
| 856 ## - ELECTRONIC LOCATION AND ACCESS | |
| Materials specified | Econo broking pvt ltd |
| Uniform Resource Identifier | <a href="www.econobroking.com">www.econobroking.com</a> |
| 942 ## - ADDED ENTRY ELEMENTS (KOHA) | |
| Source of classification or shelving scheme | Dewey Decimal Classification |
| Koha item type | Project Report |
| Withdrawn status | Lost status | Source of classification or shelving scheme | Damaged status | Not for loan | Collection code | Home library | Current library | Shelving location | Date acquired | Total Checkouts | Barcode | Date last seen | Copy number | Price effective from | Koha item type |
|---|---|---|---|---|---|---|---|---|---|---|---|---|---|---|---|
| Dewey Decimal Classification | Not for loan | Project Report MBA | St Aloysius Institute of Management & Information Technology | St Aloysius Institute of Management & Information Technology | Dissertations | 08/30/2024 | PRB02270 | 08/30/2024 | 2216056 | 08/30/2024 | Project Report |